000 00536nam a22001691c 4500
001 a01188
008 051003s1974 gw |||| 000u ger d
041 _ager
100 1 _aMeyer, Gert
245 0 0 _aStudien zur soziaklökonomischen Entwicklung Sowjetrußlands 1921-1923 :
_bNeue Beziehungen zwischen Stadt und Land zu Beginn der Neuen Ökonomischen Politik
264 _aKöln :
_bPahl-Rugenstein,
_c1974
300 _a757 S. Br.
942 _cMG
040 _cRU-10907106
003 RU-10907106
999 _c9957
_d9957
490 0 _aSammlung Junge Wissenschaft